Pays étant insulaires - Statistiques

Statistiques générales
  • Ce quiz a été pris 220 fois
    153 depuis la dernière actualisation
  • Le résultat moyen est 42 sur 48
Statistiques - réponses
Population Pays % Correct
25 464 116 Australie
100%
5 002 100 Nouvelle-Zélande
98%
126 010 000 Japon
96%
26 251 309 Madagascar
96%
271 066 400 Indonesie
94%
364 134 Islande
94%
11 280 651 Cuba
93%
884 887 Fidji
93%
66 436 000 Royaume-uni
93%
98 055 Seychelles
93%
11 403 000 Haïti
92%
4 904 240 Irlande
92%
177 301 Sainte-Lucie
92%
10 645 Tuvalu
92%
556 857 Cap-Vert
91%
875 899 Chypre
91%
106 000 Tonga
91%
2 726 667 Jamaïque
90%
493 559 Malte
90%
109 581 000 Philippines
90%
10 448 499 République Dominicaine
90%
53 000 Saint-Christophe-et-Niévès
90%
110 608 Saint-Vincent-et-les-Grenadines
90%
21 413 000 Sri lanka
90%
307 000 Vanuatu
90%
11 000 Nauru
89%
8 947 000 Papouasie-Nouvelle-Guinée
89%
202 506 Samoa
89%
1 265 475 île Maurice
87%
59 000 Îles Marshall
87%
104 650 Micronésie
87%
210 240 Sao Tomé-et-Principe
87%
23 600 903 Taïwan
87%
389 410 Bahamas
85%
287 000 Barbade
85%
870 000 Comores
85%
72 000 Dominique
85%
119 000 Kiribati
85%
557 427 Maldives
85%
694 619 Salomon
85%
1 399 000 Trinité-et-Tobago
85%
98 093 Antigua-et-Barbuda
83%
18 000 Palaos
82%
113 000 Grenade
81%
459 500 Brunei
72%
1 318 000 Timor oriental
70%
5 703 600 Singapour
69%
1 503 091 Bahreïn
54%
Aucun quiz correspondant
Distribution des résultats
% des personnes avec chaque résultat
Percentile par nombre de réponses
Votre historique - résultats
Vous n’avez pas pris ce quiz depuis la dernière actualisation